| 000 | 00595nam a2200217 a 4500 | ||
|---|---|---|---|
| 001 | 12701 | ||
| 003 | CO-ViMGA | ||
| 008 | 141112s2004 ck r 000 u spa d | ||
| 020 | _a8478804854 | ||
| 040 |
_aCO-ViMGA _bspa _cCO-ViMGA |
||
| 082 | 0 | 4 | _a133.422 S151 |
| 100 | 1 |
_aSalarrullana, Pilar _918334 |
|
| 245 | 1 | 0 | _aLas Sectas satanicas |
| 250 | _a1 | ||
| 260 |
_aMadrid : _bTemas de hoy, _c1995 |
||
| 300 | _a335p. | ||
| 590 | _aForma de adquisición : COMPRA - - Precio : 14.500 - - Proveedor : FIS | ||
| 650 | 1 | 4 |
_aSATANISMO _918335 |
| 650 | 1 | 4 |
_aSECTAS SATANICAS _918336 |
| 942 |
_2ddc _cBK |
||
| 999 |
_c23649 _d23649 |
||